000 00322nam a2200133Ia 4500
008 220204s9999 xx 000 0 und d
082 _a632.95
_bHAR
100 _aHARTLEY, G S
245 0 _aChemicals for pest control
260 _aLondon
_bPergamon
_c1969
650 _aPest control
700 _aWEST, T F
942 _cBK
999 _c22465
_d22465